[Event "OS INCLIVES"]
[Site "http://www.queenalice.com/game.php?id=1423777"]
[Date "2016.5.20"]
[Round "-"]
[White "adelio"]
[Black "krstian321"]
[Result "1-0"]
[WhiteElo "1693"]
[BlackElo "1877"]

1. d4 d5 2. e4 dxe4 3. Nc3 Nf6 4. f3 exf3 5. Nxf3 Bg4 6. h3 Bf5 7. g4 Bg6 8. Ne5
e6 9. Nxg6 hxg6 10. Bg5 Bd6 11. Qf3 c6 12. Be2 Nbd7 13. O-O-O Qa5 14. h4 Nd5 15.
Nxd5 cxd5 16. h5 Qxa2 17. Qb3 Qa1+ 18. Kd2 Nb6 19. Rxa1 1-0

[Event "AUTO-OPEN-3654"]
[Site "http://www.queenalice.com/game.php?id=1423789"]
[Date "2016.5.20"]
[Round "1"]
[White "krstian321"]
[Black "Black_bishop"]
[Result "0-1"]
[WhiteElo "1575"]
[BlackElo "1969"]

1. e4 c6 2. Nc3 d5 3. Nf3 dxe4 4. Nxe4 e6 5. d4 h6 6. Bd3 Be7 7. O-O Nf6 8. c4
Nxe4 9. Bxe4 O-O 10. Bf4 Bf6 11. Rc1 b6 12. d5 exd5 13. cxd5 Na6 14. Rxc6 Nc5
15. Bc7 Qd7 16. Bd6 Re8 17. Bc2 Bb7 18. Bxc5 Bxc6 19. dxc6 Qxd1 20. Rxd1 bxc5
0-1

[Event "AUTO-OPEN-3654"]
[Site "http://www.queenalice.com/game.php?id=1423790"]
[Date "2016.5.20"]
[Round "1"]
[White "Black_bishop"]
[Black "krstian321"]
[Result "1-0"]
[WhiteElo "1967"]
[BlackElo "1576"]

1. Nf3 Nf6 2. d4 d5 3. e3 e6 4. a3 Bd6 5. c4 dxc4 6. Bxc4 c6 7. O-O O-O 8. h3
Nbd7 9. Nc3 b5 10. Bd3 Bb7 11. e4 h6 12. e5 Bxe5 13. dxe5 Nd5 14. Nxd5 cxd5 15.
Bxb5 Nb6 16. Be3 Qe7 17. Bxb6 axb6 18. Nd4 Ba6 19. Bxa6 1-0

[Event "AUTO-OPEN-3654"]
[Site "http://www.queenalice.com/game.php?id=1423791"]
[Date "2016.5.20"]
[Round "1"]
[White "krstian321"]
[Black "sia"]
[Result "0-1"]
[WhiteElo "1547"]
[BlackElo "2030"]

1. d4 d5 2. Bf4 e6 3. a3 Nc6 4. Nc3 a6 5. e4 dxe4 6. Nxe4 Nxd4 7. c3 Nc6 8.
Qxd8+ Nxd8 9. Bxc7 Nc6 10. O-O-O Nge7 11. b4 Nd5 12. Bg3 f5 0-1

[Event "AUTO-OPEN-3654"]
[Site "http://www.queenalice.com/game.php?id=1423792"]
[Date "2016.5.20"]
[Round "1"]
[White "sia"]
[Black "krstian321"]
[Result "1-0"]
[WhiteElo "2028"]
[BlackElo "1547"]

1. g3 d5 2. Bg2 c5 3. Nf3 Nf6 4. O-O e6 5. d3 Bd6 6. Bg5 O-O 7. e4 Nbd7 8. Nc3
Be7 9. exd5 exd5 10. Bxf6 Nxf6 11. Ne5 Rb8 12. Qe2 1-0

[Event "AUTO-OPEN-3654"]
[Site "http://www.queenalice.com/game.php?id=1423793"]
[Date "2016.5.20"]
[Round "1"]
[White "krstian321"]
[Black "erivaldoadao"]
[Result "1-0"]
[WhiteElo "1500"]
[BlackElo "1665"]

1. e4 c5 2. Nf3 Nc6 3. Bb5 e6 4. O-O d6 5. d4 cxd4 6. Nxd4 Bd7 7. Nc3 Nf6 8. f4
Be7 9. Bxc6 bxc6 10. Be3 c5 11. Ndb5 a6 12. Na3 O-O 13. Nc4 1-0

[Event "AUTO-OPEN-3654"]
[Site "http://www.queenalice.com/game.php?id=1423794"]
[Date "2016.5.20"]
[Round "1"]
[White "erivaldoadao"]
[Black "krstian321"]
[Result "0-1"]
[WhiteElo "1665"]
[BlackElo "1783"]

1. d4 Nf6 2. Nf3 e6 3. c4 c5 4. Bg5 Be7 5. e3 Qb6 6. b3 O-O 7. Bd3 h6 8. Bh4 Nc6
9. d5 Nb4 10. O-O exd5 11. a3 dxc4 12. Bxc4 Nc6 0-1

[Event "AUTO-OPEN-3655"]
[Site "http://www.queenalice.com/game.php?id=1424194"]
[Date "2016.5.22"]
[Round "1"]
[White "Givanildo"]
[Black "krstian321"]
[Result "1-0"]
[WhiteElo "1652"]
[BlackElo "1547"]

1. e3 e5 2. d4 exd4 3. Qxd4 Nc6 4. Qe4+ Be7 5. Nf3 d5 6. Qd3 Nf6 7. h3 O-O 8.
Bd2 Be6 9. Be2 Qd7 10. Ng5 Ne5 11. Qd4 Nc6 12. Qd3 Bf5 13. e4 Nxe4 14. Nxe4 Bxe4
15. Qb3 b6 16. Nc3 h6 17. Nxe4 dxe4 18. O-O-O Nd8 19. Qg3 Qe6 20. Bg4 Qxa2 21.
Bc3 Bg5+ 22. f4 Be7 23. Bxg7 1-0

[Event "AUTO-OPEN-3655"]
[Site "http://www.queenalice.com/game.php?id=1424195"]
[Date "2016.5.22"]
[Round "1"]
[White "krstian321"]
[Black "Givanildo"]
[Result "0-1"]
[WhiteElo "1529"]
[BlackElo "1664"]

1. d4 e6 2. c4 d5 3. Nc3 Bb4 4. cxd5 Qxd5 5. e3 Bxc3+ 6. bxc3 Bd7 7. Nf3 h6 8.
c4 Qa5+ 9. Bd2 Qb6 10. c5 Qc6 11. Rb1 a6 12. Be2 Nf6 13. Ne5 Qxg2 14. Bf3 Qh3
15. Bxb7 Ra7 16. Bf3 Bb5 17. Qc2 O-O 18. Be2 Nbd7 19. Bxb5 axb5 20. Rxb5 Nxe5
21. dxe5 Ng4 22. c6 Nxh2 23. Qb2 Nf3+ 0-1

[Event "AUTO-OPEN-3655"]
[Site "http://www.queenalice.com/game.php?id=1424210"]
[Date "2016.5.22"]
[Round "1"]
[White "krstian321"]
[Black "roqqk"]
[Result "0-1"]
[WhiteElo "1601"]
[BlackElo "1750"]

1. e4 e5 2. Nf3 Nc6 3. Bc4 h6 4. d4 d6 5. Be3 Bg4 6. h3 Bxf3 7. Qxf3 Nf6 8. c3
exd4 9. cxd4 Nb4 10. Bb3 Qe7 11. O-O Nxe4 12. Re1 g5 13. Bd2 d5 14. Qd1 O-O-O
15. Bc2 Qf6 16. Rf1 Qxd4 17. Bc3 Qxd1 18. Bxd1 Nxc3 19. Nxc3 c6 20. a3 Nd3 21.
Bg4+ Kb8 22. Nd1 Bd6 0-1

[Event "AUTO-OPEN-3655"]
[Site "http://www.queenalice.com/game.php?id=1424211"]
[Date "2016.5.22"]
[Round "1"]
[White "roqqk"]
[Black "krstian321"]
[Result "1-0"]
[WhiteElo "1738"]
[BlackElo "1634"]

1. e4 e6 2. d4 d5 3. e5 c5 4. Nf3 Qa5+ 5. c3 Nc6 6. Bd3 cxd4 7. b4 Qb6 8. Bb2
dxc3 9. Nxc3 Bxb4 10. O-O Nge7 11. Nb5 a6 12. Qa4 Bd7 13. Nd6+ Bxd6 14. exd6 Nc8
15. Ba3 N6a7 16. Qg4 Nxd6 17. Qxg7 O-O-O 18. Ne5 Rhg8 19. Qxh7 Rh8 20. Qg7 Rdg8
21. Qf6 Be8 22. Rac1+ 1-0